000
00266nam a2200097Ia 4500
008
200302s9999 xx 000 0 und d
100
_a
School of Architecture
245
_a
Climatic Evaluation of Gujarat
260
_b
Cept Research and Development Unit
300
_a
58 P.,
999
_c
3191
_d
3191